Normal view
MARC view
Entry Topical Term
001 - CONTROL NUMBER
- control field: 1448
003 - CONTROL NUMBER IDENTIFIER
- control field: BD-RjUL
005 - DATE AND TIME OF LATEST TRANSACTION
- control field: 20220217114318.0
008 - FIXED-LENGTH DATA ELEMENTS
- fixed length control field: 220217|| aca||aabn | a|a d
040 ## - CATALOGING SOURCE
- Original cataloging agency: BD-RjUL
- Transcribing agency: BD-RjUL
150 ## - HEADING--TOPICAL TERM
- Topical term or geographic name entry element: সংস্কৃত ভাষা
- General subdivision: সমালোচনা এবং ব্যাখ্যা
670 ## - SOURCE DATA FOUND
- Source citation: Work cat.: (BD-RjUL)79413: রায়, চয়ন কুমার 1445, ঈশ্বরচন্দ্র বিদ্যাসাগরের সংস্কৃত চর্চা /, ২০১৪